00481nam a22001337a 4500082001800000100002700018245009600045260002700141526003700168650001300205942001200218999001900230952009800249 a625.7068bFIF aTHE WORLD BANK.919583 aFifth international road federation executive conferenc on road managment/bTHE WORLD BANK. aTempe, Arizona.c1991. a0b0c0d625_706800000000000_FIF aMCE9379 2ddccBK c547416d547416 00102ddc4070aMCEbMCEd2014-07-14l0o625.7068 FIFpMCE-42654r2014-07-14w2014-07-14yBK